000 00596nam a22002177a 4500
003 OSt
005 20260305153902.0
008 260305b |||||||| |||| 00| 0 eng d
020 _a9789355624277
040 _bEnglish
_cCentral Library IIT Goa
082 _a158.1
_bGAD
100 _aGadhvi, Dev
_eauthor
_93706
245 _a 20% Skills 80% Mindset /
_cDev Gadhvi
250 _a1/e
260 _aNew Delhi :
_bPrabhat Prakashan Pvt. Ltd. ,
_c2025
300 _a214p.
650 _aHindi--Motivation
_93707
650 _aSuccess
_9756
650 _aSelf-help techniques
_93708
942 _2ddc
_cBK
999 _c1882
_d1882